000 00305nam a2200133Ia 4500
008 150201s2007 xx 000 0 und d
082 _a618.92
_bP07G
100 _aGROVER,JK
245 _aPEDITRICS DRUG DOSES
250 _a2ND
260 _bPEEPEE
_aDELHI
_c2007
650 _aPHARMACOLOGY
942 _2ddc
_cBK
999 _c687
_d687